Linear Programming In Counselling/ (Record no. 206728)

MARC details
000 -LEADER
fixed length control field 00606nam a2200193 4500
005 - DATE AND TIME OF LATEST TRANSACTION
control field 20241024154522.0
010 ## - LCCN (DPL NO)
LC control number ENG-142425
020 ## - INTERNATIONAL STANDARD BOOK NUMBER
Terms of availability 175.00
International Standard Book Number 9789353479220
035 ## - SYSTEM CONTROL NUMBER
System control number EN-125957
037 ## - SOURCE OF ACQUISITION
Source of stock number/acquisition DBAD
082 ## - DEWEY DECIMAL CLASSIFICATION NUMBER
Classification number 158.1
100 ## - MAIN ENTRY--PERSONAL NAME
Personal name Paula
245 ## - TITLE STATEMENT
Title Linear Programming In Counselling/
Remainder of title Paula
250 ## - EDITION STATEMENT
Edition statement First
260 ## - PUBLICATION, DISTRIBUTION, ETC. (IMPRINT)
Name of publisher, distributor, etc Bluerose Publishers
Place of publication, distribution, etc Uttar Pradesh
Date of publication, distribution, etc 2020
270 ## - ADDRESS
Address ABL Workspaces, B-6, Amaltash Marg, Block B, Sector 4
City Noida
Telephone number 8882898898
Postal code 201301
Electronic mail address info@bluerosepublishers.com
300 ## - PHYSICAL DESCRIPTION
Extent 94p.
Dimensions 20cm(pb)
942 ## - ADDED ENTRY ELEMENTS (KOHA)
Source of classification or shelving scheme Dewey Decimal Classification
Item type English Books
Classification part 158.1
Call number suffix PAU
Edition 2020
Holdings
Withdrawn status Lost status Not for loan Collection code Home library Current library Date acquired Source of acquisition Cost, normal purchase price Full call number Barcode Copy number Cost, replacement price Koha item type
      Non-fiction Bawana Bawana 24/10/2024 DBAD 175.00 158.1 PAU EN-125957 1 175.00 English Books

© Delhi Public Library
Hit Counter
free hit counter